| 000 | 00392nam a22001337a 4500 | ||
|---|---|---|---|
| 020 | _a0-08-028337-3 | ||
| 082 | _a623-BRA GUI | ||
| 100 |
_aLEE,R.G,COLLINS, T.K GARLAND,GARNELL.P _974658 |
||
| 245 | _aGUIDED WEAPONS INCLUDING LIGHT, UNGUIDED, ANTI TANK WEAPONS | ||
| 260 |
_aUSA _bBRASSEY,S _c1983 |
||
| 300 | _aXIII,223P | ||
| 650 |
_aGUIDED MISSILES, ANTITANK WEAPONS _974659 |
||
| 942 | _cBK | ||
| 999 |
_c580170 _d580170 |
||